000 00616nam a2200193 i 4500
001 bg
100 1 _aGOLEC, Kazimierz
245 0 _aRozruch tłokowych silników spalinowych w obniżonych temperaturach otoczenia /
_cKazimierz Golec.
260 _aKraków :
_bPK,
_c1987.
300 _a88 s., [1] k. tabl. :
_brys., wykr. ;
_c24 cm.
490 1 _aMonografia / Politechnika Krakowska,
_x0860-097X ;
_v60
504 _aBibliogr. s. 80-84.
830 0 _aMonografia (Politechnika Krakowska) ;
_v60
040 _cBPK
041 _apol
080 _a621.43
942 _cKS
008 s pl f |000 0 pol
999 _c28515
_d28515
856 _uhttp://koha.tu.koszalin.pl/cgi-bin/koha/opac-detail.pl?biblionumber=28515
_yKatalog online BPK